Famous People from Katy by Picture - Statistics

General Stats
  • This quiz has been taken 7 times
  • The average score is 9 of 50
Answer Stats
Picture Hint Answer % Correct
Musician (born 1962) Clint Black
71%
Football Player (born 1985) Aaron Brown
43%
Football Player (born 1987) Andy Dalton
43%
U.S. Representative (born 1984) Dan Crenshaw
43%
Football Player (born 1996) Rodney Anderson
43%
Baseball Player & Manager (born 1949) Cecil Cooper
29%
Football Player (born 1994) Danielle Hunter
29%
Basketball Player (born 1997) De'Aaron Fox
29%
Beekeeper (born 1986) Erika Thompson
29%
Actress (born 1971) Renee O'Connor
29%
Actress (born 1969) Renée Zellweger
29%
Basketball Player (born 1982) Andrew Lasker
14%
Volleyball Player (born 1999) Avery Skinner
14%
Soccer Player (born 2002) Bárbara Olivieri
14%
Football Player (born 1990) Bo Levi Mitchell
14%
Basketball Coach (born 1980) Brian Burg
14%
Writer (born 1993) Bryan Washington
14%
Football Player (born 1994) Caleb Benenoch
14%
Soccer Player (born 1999) Christian Cappis
14%
Football Player (born 1986) Collin Mooney
14%
Baseball Player (born 1997) Conner Capel
14%
Football Player (born 1995) Cullen Gillaspia
14%
Football Player (born 1980) Eric Heitmann
14%
Baseball Player (born 1995) Gabe Klobosits
14%
Football Player (born 2002) Jalen Milroe
14%
Professional Wrestler (born 1989) Jesse Sorensen
14%
Baseball Player (born 1984) Jon Meloan
14%
Football Player (born 1973) Jorge Diaz
14%
Basketball Player (born 1997) Josh Nebo
14%
Model (born 1986) Julie Henderson
14%
Actress (born 1981) Kearran Giovanni
14%
Track & Field Athlete (born 1991) Kimberlyn Duncan
14%
Figure Skater (born 1961) Kitty Carruthers
14%
Golfer (born 1991) Kyle Westmoreland
14%
Basketball Player (born 2001) LJ Cryer
14%
Baseball Player (born 2002) Masyn Winn
14%
Singer / Actress (born 1993) Megan Nicole
14%
Soccer Player (born 1995) Michael Nelson
14%
Football Player (born 1998) Paddy Fisher
14%
Football Player (born 1990) Phillip Supernaw
14%
Mixed Martial Artist (born 1996) Sage Northcutt
14%
Professional Wrestler (born 1993) Sammy Guevara
14%
Football Player (born 1999) Seth Small
14%
Professional Wrestler (born 1992) Tamyra Mensah-Stock
14%
Actress (born 1998) Taylar Hender
14%
Football Player (born 1990) Terrence Frederick
14%
Trap Shooter (born 1982) Walton Eller
14%
Basketball Coach (born 1975) Zenarae Antoine
14%
Football Player (born 1999) Brant Kuithe
0%
Tennis Player (born 1988) Sanaz Marand
0%
No matching quizzes found
Score Distribution
Percent of People with Each Score
Percentile by Number Answered
Your Score History
You have not taken this quiz